[Event "4NCL/Div2/SWD1 vs. PAP"]
[Site "Wokefield Park ENG"]
[Date "2008.01.12"]
[Round "5.1"]
[White "Cobb, James E"]
[Black "Emms, John M"]
[Result "1-0"]
[WhiteElo "2412"]
[BlackElo "2502"]
[PlyCount "78"]
[EventDate "2008.01.12"]
[EventCountry "ENG"]
[SourceDate "2007.09.15"]

1. Nf3 c5 2. c4 Nc6 3. Nc3 Nf6 4. d4 cxd4 5. Nxd4 e6 6. a3 Bc5 7. Nb3 Be7 8. e4
O-O 9. Be2 b6 10. O-O Ba6 11. Bf4 d6 12. Rc1 Rc8 13. f3 Ne5 14. Nb5 Bxb5 15.
cxb5 Ng6 16. Bg3 d5 17. e5 Nh5 18. f4 Nxg3 19. hxg3 Bc5+ 20. Kh2 Qd7 21. Bd3 f5
22. Qe2 Nh8 23. g4 fxg4 24. Qxg4 Nf7 25. Qh3 g6 26. Rc2 Kg7 27. Rfc1 Nh6 28.
Qg3 Qe7 29. Nd4 Qf7 30. b4 Bxd4 31. Rxc8 Nf5 32. Bxf5 Qxf5 33. R1c7+ Rf7 34.
Rxf7+ Qxf7 35. Qg5 h6 36. Qg4 Be3 37. g3 d4 38. Rd8 Qc7 39. Rd6 Qc2+ 1-0

[Event "4NCL/Div2/SWD1 vs. PAP"]
[Site "Wokefield Park ENG"]
[Date "2008.01.12"]
[Round "5.2"]
[White "Ward, Chris G"]
[Black "Cooper, John G"]
[Result "1-0"]
[WhiteElo "2440"]
[BlackElo "2360"]
[PlyCount "58"]
[EventDate "2008.01.12"]
[EventCountry "ENG"]
[SourceDate "2007.09.15"]

1. d4 d5 2. c4 e6 3. Nc3 c5 4. cxd5 exd5 5. Nf3 Nc6 6. Bf4 Nf6 7. e3 c4 8. Be2
Bb4 9. O-O Bf5 10. Bg5 Bxc3 11. bxc3 h6 12. Bxf6 Qxf6 13. Nd2 O-O 14. Bf3 Rad8
15. Qa4 a6 16. Rfe1 Bd3 17. e4 Ne7 18. Qb4 b5 19. a4 dxe4 20. Nxe4 Bxe4 21.
Bxe4 Nd5 22. Bxd5 Rxd5 23. axb5 axb5 24. Ra7 Qc6 25. Qa5 Rg5 26. g3 Rf5 27. Re3
h5 28. Ra6 Qd5 29. Qc7 Rg5 {(37) time} 1-0

[Event "4NCL/Div2/SWD1 vs. PAP"]
[Site "Wokefield Park ENG"]
[Date "2008.01.12"]
[Round "5.3"]
[White "Kett, Timothy"]
[Black "Summerscale, Aaron"]
[Result "0-1"]
[WhiteElo "2243"]
[BlackElo "2475"]
[PlyCount "76"]
[EventDate "2008.01.12"]
[EventCountry "ENG"]
[SourceDate "2007.09.15"]

1. e4 Nf6 2. Nc3 d5 3. e5 Nfd7 4. d4 e6 5. f4 c5 6. Nf3 Nc6 7. Be3 a6 8. Qd2 b5
9. f5 cxd4 10. Bxd4 Nxd4 11. Qxd4 Qb6 12. fxe6 fxe6 13. Qg4 Qe3+ 14. Be2 Nc5
15. Rf1 g6 16. Ng5 h5 17. Qg3 Qxg3+ 18. hxg3 b4 19. Nd1 Bg7 20. Nf3 Ne4 21. Bd3
O-O 22. Bxe4 dxe4 23. Ng5 Bxe5 24. Rxf8+ Kxf8 25. Nxe4 Bb7 26. Ndf2 Rd8 27. Nc5
Bd5 28. Nfe4 Ke7 29. O-O-O Rc8 30. Nd3 Bxe4 31. Nxe5 Rxc2+ 32. Kb1 Rc5+ 33. Nd3
Rd5 34. Kc2 Kd6 35. a3 bxa3 36. bxa3 Rxd3 37. Rxd3+ Bxd3+ 38. Kxd3 Kd5 0-1

[Event "4NCL/Div2/SWD1 vs. PAP"]
[Site "Wokefield Park ENG"]
[Date "2008.01.12"]
[Round "5.4"]
[White "Milliet, Sophie"]
[Black "Morris, Charles F"]
[Result "1-0"]
[WhiteElo "2376"]
[BlackElo "2203"]
[PlyCount "67"]
[EventDate "2008.01.12"]
[EventCountry "ENG"]
[SourceDate "2007.09.15"]

1. e4 e6 2. d4 d5 3. e5 c5 4. c3 Qb6 5. Nf3 Nc6 6. a3 c4 7. Nbd2 Na5 8. Be2 Bd7
9. O-O h6 10. Rb1 Ne7 11. h4 O-O-O 12. Re1 Kb8 13. Nf1 Nb3 14. Bf4 Ng6 15. Bg3
Be7 16. h5 Nf8 17. N3d2 Ba4 18. Nxb3 Bxb3 19. Qc1 Rd7 20. Ne3 Ka8 21. Rf1 g5
22. Ng4 Qd8 23. f4 f5 24. exf6 Bxf6 25. Nxf6 Qxf6 26. fxg5 Qxg5 27. Be5 Rg8 28.
Qxg5 hxg5 29. Rf6 Bc2 30. Rbf1 Nh7 31. Rxe6 b5 32. Bg4 Rb7 33. Rd6 Be4 34. Bd7
1-0

[Event "4NCL/Div2/SWD1 vs. PAP"]
[Site "Wokefield Park ENG"]
[Date "2008.01.12"]
[Round "5.5"]
[White "Zeidler, Sven P"]
[Black "Flear, Christine"]
[Result "1-0"]
[WhiteElo "2223"]
[BlackElo "2161"]
[PlyCount "63"]
[EventDate "2008.01.12"]
[EventCountry "ENG"]
[SourceDate "2007.09.15"]

1. e4 c5 2. Nc3 a6 3. f4 Nc6 4. Nf3 e6 5. g3 d5 6. Bg2 d4 7. Ne2 d3 8. cxd3
Qxd3 9. O-O c4 10. Ne1 Bc5+ 11. Kh1 Qd7 12. Qc2 b5 13. b3 Nd4 14. Nxd4 Bxd4 15.
Rb1 cxb3 16. Qxb3 Bb7 17. Nc2 Ba7 18. Bb2 Nf6 19. Rbe1 Ng4 20. d4 h5 21. h3 Nf6
22. f5 exf5 23. Rxf5 Rc8 24. Ba3 Bb8 25. d5 Rxc2 26. Qxc2 Bxg3 27. Re3 h4 28.
Qc3 Bb8 29. Qd4 Nh5 30. Ref3 Ng3+ 31. Rxg3 hxg3 32. Qxg7 1-0

[Event "4NCL/Div2/SWD1 vs. PAP"]
[Site "Wokefield Park ENG"]
[Date "2008.01.12"]
[Round "5.6"]
[White "Winkelmann, Elena"]
[Black "James, David J"]
[Result "1-0"]
[WhiteElo "2065"]
[BlackElo "2198"]
[PlyCount "131"]
[EventDate "2008.01.12"]
[EventCountry "ENG"]
[SourceDate "2007.09.15"]

1. Nf3 Nf6 2. g3 e6 3. c4 d5 4. b3 dxc4 5. bxc4 e5 6. Bb2 e4 7. Nd4 c5 8. Nc2
Bd6 9. Bg2 O-O 10. Nc3 Re8 11. Ne3 Nc6 12. Rb1 Be5 13. O-O h5 14. Ncd5 Bxb2 15.
Rxb2 Nd4 16. f3 Nxd5 17. Nxd5 exf3 18. Bxf3 Nxf3+ 19. Rxf3 Bg4 20. Rf2 b6 21.
Qf1 h4 22. Rb3 h3 23. Rd3 Qc8 24. e3 f5 25. Nf4 Qa6 26. Nxh3 Qxc4 27. Nf4 Rad8
28. Rxd8 Qxf1+ 29. Kxf1 Rxd8 30. Ke1 g5 31. Ne6 Rd3 32. Nxg5 Ra3 33. h3 Bh5 34.
Rxf5 Rxa2 35. g4 Bg6 36. Rd5 c4 37. h4 Ra5 38. Rxa5 bxa5 39. Kd1 a4 40. Kc1 a3
41. e4 Be8 42. Kb1 Bd7 43. Ka2 Bxg4 44. Kxa3 Kg7 45. Kb4 Be2 46. h5 Bxh5 47.
Kxc4 Kf6 48. Nh3 Ke5 49. d3 Bg4 50. Nf2 Be6+ 51. Kc5 Bd7 52. d4+ Ke6 53. Nd3 a5
54. d5+ Ke7 55. e5 a4 56. Kb4 Be8 57. Nc5 Kf7 58. Nxa4 Kg6 59. Nb2 Kf5 60. Nc4
Bh5 61. Kc5 Be2 62. Kd4 Kg6 63. Nd6 Bf3 64. e6 Kf6 65. Ne4+ Ke7 66. Ke5 1-0

[Event "4NCL/Div2/SWD1 vs. PAP"]
[Site "Wokefield Park ENG"]
[Date "2008.01.12"]
[Round "5.7"]
[White "Trevelyan, John"]
[Black "Forbes, Cathy"]
[Result "1-0"]
[WhiteElo "2185"]
[BlackElo "2104"]
[PlyCount "123"]
[EventDate "2008.01.12"]
[EventCountry "ENG"]
[SourceDate "2007.09.15"]

1. d4 d5 2. Nf3 Bf5 3. c4 Bxb1 4. Rxb1 c6 5. cxd5 Qxd5 6. a3 Nd7 7. Qc2 Ngf6 8.
Bf4 g6 9. e3 Qa5+ 10. Qd2 Qxd2+ 11. Nxd2 Nh5 12. Bc7 Rc8 13. Ba5 Bg7 14. Ne4
Nhf6 15. Bd3 O-O 16. O-O Rfe8 17. Rfd1 Nd5 18. Be1 f5 19. Nc3 N7b6 20. g3 e5
21. Nxd5 Nxd5 22. dxe5 Rxe5 23. Bc4 Kf8 24. Rbc1 Rd8 25. Bc3 Re7 26. Bb4 Bxb2
27. Rb1 Bf6 28. Bxe7+ Bxe7 29. Bxd5 cxd5 30. Rxb7 a6 31. Rb6 Bxa3 32. Rxa6 Bb2
33. Ra2 Bc3 34. Ra3 Bf6 35. Rad3 d4 36. exd4 Rd5 37. f4 Ke7 38. Kf2 Kd6 39. Ke3
Ra5 40. d5 Ra2 41. R1d2 Ra5 42. Rb3 Bd8 43. Rc3 Bb6+ 44. Kf3 Bc5 45. Rcd3 Ra4
46. Re2 Bd4 47. g4 fxg4+ 48. Kxg4 Kxd5 49. Re7 h6 50. h4 Kc4 51. Rd1 Kc5 52.
Re6 Ra2 53. Rxg6 Rg2+ 54. Kf5 Rf2 55. Rg8 Be3 56. Rc8+ Kb6 57. Rb1+ Ka7 58. Rc3
Rxf4+ 59. Kg6 Rf6+ 60. Kxf6 Bd4+ 61. Kg6 Bxc3 62. Kxh6 1-0

[Event "4NCL/Div2/SWD1 vs. PAP"]
[Site "Wokefield Park ENG"]
[Date "2008.01.12"]
[Round "5.8"]
[White "Yurenok, Maria S"]
[Black "van Kemenade, Julie"]
[Result "1-0"]
[WhiteElo "2033"]
[BlackElo "1764"]
[PlyCount "59"]
[EventDate "2008.01.12"]
[EventCountry "ENG"]
[SourceDate "2007.09.15"]

1. d4 d6 2. Nf3 g6 3. Bg5 Bg7 4. c3 Nf6 5. Qc1 h6 6. Bxf6 exf6 7. e3 f5 8. Bd3
Qe7 9. O-O O-O 10. c4 Nd7 11. Nc3 Nf6 12. Qc2 Re8 13. Nd2 Nh5 14. Rae1 Bd7 15.
d5 Qg5 16. Nf3 Qf6 17. Re2 Re7 18. Rfe1 Rae8 19. Qb3 Bc8 20. Bb1 g5 21. Qc2 Kf8
22. Nd4 Re5 23. Ncb5 a6 24. Nxc7 R8e7 25. Na8 f4 26. Nf3 Bf5 27. e4 Bh7 28.
Nxe5 Rxe5 29. Nb6 g4 30. Nd7+ 1-0

[Event "4NCL/Div2/WRO vs. BARY"]
[Site "Wokefield Park ENG"]
[Date "2008.01.12"]
[Round "5.1"]
[White "Wells, Peter K"]
[Black "Coleman, David"]
[Result "1-0"]
[WhiteElo "2520"]
[BlackElo "2217"]
[PlyCount "63"]
[EventDate "2008.01.12"]
[EventCountry "ENG"]
[SourceDate "2007.09.15"]

1. d4 Nf6 2. Bg5 e6 3. e3 Be7 4. Nf3 b6 5. c4 Bb7 6. Bd3 d6 7. Nc3 Nbd7 8. Qe2
c5 9. O-O h6 10. Bh4 O-O 11. Rad1 Nh5 12. Bxe7 Qxe7 13. d5 Rad8 14. Bb1 Ndf6
15. Qc2 g6 16. h3 e5 17. Nh2 Bc8 18. g4 Ng7 19. f4 Nh7 20. f5 gxf5 21. gxf5
Qg5+ 22. Kh1 f6 23. Qf2 Kh8 24. Bd3 Rg8 25. h4 Qh5 26. Be4 Qf7 27. Rg1 Nh5 28.
Ne2 Rxg1+ 29. Rxg1 Rg8 30. Rg6 Qf8 31. Qf3 Ng7 32. Ng4 {time} 1-0

[Event "4NCL/Div2/WRO vs. BARY"]
[Site "Wokefield Park ENG"]
[Date "2008.01.12"]
[Round "5.2"]
[White "Farrand, Julian T"]
[Black "Gourlay, Iain"]
[Result "0-1"]
[WhiteElo "2151"]
[BlackElo "2362"]
[PlyCount "78"]
[EventDate "2008.01.12"]
[EventCountry "ENG"]
[SourceDate "2007.09.15"]

1. d4 Nf6 2. Nc3 d5 3. Bg5 Bf5 4. e3 e6 5. Bd3 Bxd3 6. cxd3 c5 7. dxc5 Bxc5 8.
d4 Be7 9. Nf3 O-O 10. O-O Nc6 11. Rc1 Rc8 12. Qa4 a6 13. a3 Na5 14. Ne5 Nc4 15.
Bxf6 Bxf6 16. Nxc4 Rxc4 17. Qb3 Qc7 18. Ne2 b5 19. Rc3 Rb8 20. Rfc1 Qd6 21. Qa2
Be7 22. Rxc4 bxc4 23. Nc3 Rb3 24. Qa1 Qb8 25. Rc2 g6 26. Qc1 Bd6 27. g3 Qb7 28.
Qd2 Qc6 29. f4 Bc7 30. Na2 Qa4 31. Nc3 Qd7 32. Na2 Rd3 33. Qe2 Qa4 34. Nc3 Qb3
35. Rd2 Rxd2 36. Qxd2 Ba5 37. Kf2 Kf8 38. Ke2 Ke8 39. Qd1 Qxb2+ 0-1

[Event "4NCL/Div2/WRO vs. BARY"]
[Site "Wokefield Park ENG"]
[Date "2008.01.12"]
[Round "5.3"]
[White "Wall, Tim"]
[Black "Hodgson, John H"]
[Result "1-0"]
[WhiteElo "2363"]
[BlackElo "2216"]
[PlyCount "83"]
[EventDate "2008.01.12"]
[EventCountry "ENG"]
[SourceDate "2007.09.15"]

1. b3 e5 2. Bb2 Nc6 3. e3 Nf6 4. Bb5 Bd6 5. Ne2 a6 6. Bxc6 dxc6 7. d3 Qe7 8.
Nd2 Be6 9. a3 O-O 10. O-O c5 11. Ng3 c6 12. Nde4 Nxe4 13. dxe4 c4 14. bxc4 Rad8
15. Qe2 f6 16. Nf5 Qf7 17. Rfd1 Bc5 18. Bc3 Bxc4 19. Qg4 Kh8 20. h4 Be6 21. h5
Rxd1+ 22. Rxd1 g6 23. hxg6 hxg6 24. g3 gxf5 25. exf5 Bd5 26. e4 Qg8 27. Qh5+
Qh7 28. Qxh7+ Kxh7 29. exd5 cxd5 30. Rxd5 Rc8 31. Rd7+ Kg8 32. Bb4 Bd4 33. c3
Bxc3 34. Rxb7 a5 35. Be7 Bd4 36. Bxf6 Rc2 37. g4 Rxf2 38. Kh1 Rf3 39. a4 Ra3
40. g5 Rxa4 41. g6 Rb4 42. Rh7 1-0

[Event "4NCL/Div2/WRO vs. BARY"]
[Site "Wokefield Park ENG"]
[Date "2008.01.12"]
[Round "5.4"]
[White "Levermore, Peter A"]
[Black "Van de Griendt, Jan W"]
[Result "1-0"]
[WhiteElo "2120"]
[BlackElo "2358"]
[PlyCount "55"]
[EventDate "2008.01.12"]
[EventCountry "ENG"]
[SourceDate "2007.09.15"]

1. e4 e6 2. d4 d5 3. Nc3 Bb4 4. e5 b6 5. a3 Bf8 6. Nf3 Ba6 7. Bxa6 Nxa6 8. Qd3
Nb8 9. O-O Ne7 10. Ne2 Nf5 11. Ng3 Nxg3 12. hxg3 Be7 13. Re1 O-O 14. g4 c5 15.
c3 a5 16. g3 Nd7 17. Kg2 Re8 18. Rh1 Nf8 19. Be3 Qc8 20. Rh5 cxd4 21. Bxd4 Bc5
22. Rah1 g6 23. Rh6 Bxd4 24. cxd4 Qd8 25. g5 Rc8 26. Qe3 Rc2 27. Nh2 f5 28.
gxf6 1-0

[Event "4NCL/Div2/WRO vs. BARY"]
[Site "Wokefield Park ENG"]
[Date "2008.01.12"]
[Round "5.5"]
[White "Barrett, Steve J"]
[Black "O'Toole, George E"]
[Result "0-1"]
[WhiteElo "2257"]
[BlackElo "1985"]
[PlyCount "66"]
[EventDate "2008.01.12"]
[EventCountry "ENG"]
[SourceDate "2007.09.15"]

1. d4 Nf6 2. c4 c5 3. d5 b5 4. cxb5 a6 5. bxa6 g6 6. Nc3 Bxa6 7. Nf3 d6 8. e4
Bxf1 9. Kxf1 Bg7 10. g3 O-O 11. Kg2 Nbd7 12. h3 Ra6 13. Re1 Qa8 14. Re2 Nb6 15.
Bd2 Nfd7 16. b3 f5 17. Ng5 fxe4 18. Ne6 Nxd5 19. Nxg7 e3 20. Nxd5 Qxd5+ 21. Kg1
exd2 22. Ne6 Ne5 23. Nxf8 Nf3+ 24. Kh1 Nd4+ 25. Kh2 Nxe2 26. Nxg6 hxg6 27. Qxe2
Rxa2 28. Rb1 e6 29. Qb5 e5 30. Qe8+ Kg7 31. Qe7+ Qf7 32. Qxd6 Qxf2+ 33. Kh1
d1=Q+ 0-1

[Event "4NCL/Div2/WRO vs. BARY"]
[Site "Wokefield Park ENG"]
[Date "2008.01.12"]
[Round "5.6"]
[White "Wells, Daniel"]
[Black "Gayson, Peter M"]
[Result "0-1"]
[WhiteElo "2022"]
[BlackElo "2250"]
[PlyCount "74"]
[EventDate "2008.01.12"]
[EventCountry "ENG"]
[SourceDate "2007.09.15"]

1. e4 c5 2. Nf3 e6 3. d4 cxd4 4. Nxd4 Nf6 5. Nc3 Nc6 6. Bc4 Bb4 7. Nxc6 bxc6 8.
Qe2 d5 9. exd5 cxd5 10. Bb5+ Bd7 11. O-O O-O 12. Bg5 Bxc3 13. bxc3 Bxb5 14.
Qxb5 Qd7 15. c4 dxc4 16. Qxc4 Rfc8 17. Qh4 Nd5 18. c4 Nc3 19. Qg4 f5 20. Qf3
Ne4 21. Rfd1 Qa4 22. h4 Rxc4 23. Rab1 Qc6 24. Qf4 Nc3 25. Rb8+ Kf7 26. Qxc4
Qxc4 27. Rd7+ Kg6 28. Rxa8 Ne2+ 29. Kh2 h6 30. Raxa7 hxg5 31. Rxg7+ Kf6 32.
hxg5+ Ke5 33. g3 Qc1 34. Ra5+ Ke4 35. Ra4+ Kf3 36. Rf4+ Nxf4 37. gxf4 Qf1 0-1

[Event "4NCL/Div2/WRO vs. BARY"]
[Site "Wokefield Park ENG"]
[Date "2008.01.12"]
[Round "5.7"]
[White "Adams, David M"]
[Black "Franklin, Samuel"]
[Result "1-0"]
[WhiteElo "2203"]
[BlackElo "2001"]
[PlyCount "41"]
[EventDate "2008.01.12"]
[EventCountry "ENG"]
[SourceDate "2007.09.15"]

1. e4 c5 2. Nf3 d6 3. Bc4 Nf6 4. e5 dxe5 5. Nxe5 e6 6. Qe2 Bd6 7. f4 O-O 8. b3
Qc7 9. Bb2 Nd5 10. g3 Nc6 11. Nxc6 Qxc6 12. Rf1 b6 13. Nc3 Bb7 14. O-O-O a6 15.
Ne4 Be7 16. f5 b5 17. f6 bxc4 18. Qg4 Nxf6 19. Nxf6+ Bxf6 20. Bxf6 g6 21. Qg5
1-0

[Event "4NCL/Div2/WRO vs. BARY"]
[Site "Wokefield Park ENG"]
[Date "2008.01.12"]
[Round "5.8"]
[White "Anandajeyarajah, Thilagini"]
[Black "Khakimova, Masura"]
[Result "0-1"]
[WhiteElo "1720"]
[BlackElo "1978"]
[PlyCount "76"]
[EventDate "2008.01.12"]
[EventCountry "ENG"]
[SourceDate "2007.09.15"]

1. e4 d6 2. d4 Nf6 3. Nc3 g6 4. g3 Bg7 5. Bg2 O-O 6. Nge2 e5 7. O-O exd4 8.
Nxd4 Bg4 9. f3 Bd7 10. Be3 Nc6 11. Nxc6 Bxc6 12. Qd2 Re8 13. Rae1 d5 14. Bg5 d4
15. Ne2 Bb5 16. Rf2 c5 17. Nc1 Qc7 18. Bxf6 Bxf6 19. f4 Rad8 20. f5 g5 21. Nd3
c4 22. Nb4 c3 23. Qc1 cxb2 24. Qxb2 Qb6 25. Qc1 h6 26. Qd1 d3 27. Nd5 dxc2 28.
Nxf6+ Qxf6 29. Qxc2 Re5 30. g4 Qe7 31. f6 Qe6 32. Qc3 Bc6 33. Rf3 Rxe4 34. Rxe4
Qxe4 35. Kf2 Qxg4 36. Rg3 Qf4+ 37. Bf3 Bxf3 38. Rxf3 Qxh2+ 0-1

[Event "4NCL/Div2/OXF1 vs. WES1"]
[Site "Wokefield Park ENG"]
[Date "2008.01.12"]
[Round "5.1"]
[White "Savage, Ben D"]
[Black "Corkett, Anthony R"]
[Result "1-0"]
[WhiteElo "2305"]
[BlackElo "2306"]
[PlyCount "59"]
[EventDate "2008.01.12"]
[EventCountry "ENG"]
[SourceDate "2007.09.15"]

1. d4 Nf6 2. c4 e6 3. Nc3 Bb4 4. Qc2 d5 5. a3 Bxc3+ 6. Qxc3 Ne4 7. Qc2 O-O 8.
Nh3 b6 9. e3 c5 10. dxc5 Nxc5 11. b4 Ne4 12. Bb2 a5 13. Bd3 Bb7 14. O-O Nd7 15.
cxd5 Rc8 16. Qe2 exd5 17. Bd4 Qe7 18. Rfc1 h6 19. bxa5 bxa5 20. Qb2 Ndf6 21.
Rab1 Rxc1+ 22. Rxc1 Rc8 23. Rxc8+ Bxc8 24. Nf4 Qb7 25. Qxb7 Bxb7 26. Ne2 Nd7
27. Nc3 Nec5 28. Bb5 Kf8 29. Na4 Nxa4 30. Bxd7 1-0

[Event "4NCL/Div2/OXF1 vs. WES1"]
[Site "Wokefield Park ENG"]
[Date "2008.01.12"]
[Round "5.2"]
[White "Poulton, James"]
[Black "Rose, Matthew"]
[Result "1/2-1/2"]
[WhiteElo "2364"]
[BlackElo "2248"]
[PlyCount "65"]
[EventDate "2008.01.12"]
[EventCountry "ENG"]
[SourceDate "2007.09.15"]

1. d4 Nf6 2. c4 g6 3. Nc3 Bg7 4. e4 d6 5. Nf3 O-O 6. Be2 e5 7. d5 Na6 8. Nd2 h5
9. Rb1 c5 10. a3 Ng4 11. h3 Nf6 12. b4 Bh6 13. Nb3 Bxc1 14. Nxc1 Ne8 15. O-O f5
16. f4 exf4 17. Rxf4 g5 18. Rf2 Ng7 19. Nd3 fxe4 20. Rxf8+ Qxf8 21. Nxe4 Qe7
22. Ndf2 Bf5 23. Bd3 g4 24. bxc5 gxh3 25. cxd6 Qe5 26. Rxb7 Rf8 27. gxh3 Bxe4
28. Nxe4 Nc5 29. Nxc5 Qg3+ 30. Kh1 Qxh3+ 31. Kg1 Qg3+ 32. Kh1 Qh4+ 33. Kg1
1/2-1/2

[Event "4NCL/Div2/OXF1 vs. WES1"]
[Site "Wokefield Park ENG"]
[Date "2008.01.12"]
[Round "5.3"]
[White "Shaw, David A"]
[Black "Lock, Gavin R"]
[Result "1-0"]
[WhiteElo "2261"]
[BlackElo "2213"]
[PlyCount "93"]
[EventDate "2008.01.12"]
[EventCountry "ENG"]
[SourceDate "2007.09.15"]

1. e4 e6 2. d4 d5 3. Nc3 Nf6 4. Bg5 Bb4 5. e5 h6 6. Bd2 Bxc3 7. bxc3 Ne4 8. Qg4
g6 9. Bd3 Nxd2 10. Kxd2 c5 11. h4 Nc6 12. Rh3 Bd7 13. Rb1 cxd4 14. cxd4 Qa5+
15. c3 Qxa2+ 16. Ke1 O-O-O 17. Qd1 f6 18. exf6 e5 19. Re3 e4 20. Bc2 Qa5 21.
Ne2 g5 22. Qd2 Rhf8 23. hxg5 hxg5 24. c4 Qxd2+ 25. Kxd2 dxc4 26. Bxe4 Rxf6 27.
Rc3 Bf5 28. f3 Bxe4 29. fxe4 Nxd4 30. Rxc4+ Nc6+ 31. Ke3 Kb8 32. Rc5 g4 33. Nf4
Ne7 34. Rg5 Ra6 35. Rg7 Ra3+ 36. Kf2 Rd7 37. Nd5 g3+ 38. Kf1 Rxd5 39. exd5 Nxd5
40. Rgxb7+ Kc8 41. R7b3 Ra2 42. Rxg3 Kd7 43. Rd3 Kc6 44. Rc1+ Kd6 45. Re1 Kc6
46. Re6+ Kd7 47. Re5 1-0

[Event "4NCL/Div2/OXF1 vs. WES1"]
[Site "Wokefield Park ENG"]
[Date "2008.01.12"]
[Round "5.4"]
[White "Webb, Richard M"]
[Black "Smallbone, Kieran"]
[Result "1/2-1/2"]
[WhiteElo "2260"]
[BlackElo "2230"]
[PlyCount "55"]
[EventDate "2008.01.12"]
[EventCountry "ENG"]
[SourceDate "2007.09.15"]

1. e4 c6 2. d4 d5 3. Nc3 dxe4 4. Nxe4 Bf5 5. Ng3 Bg6 6. h4 h6 7. Nf3 Nd7 8. h5
Bh7 9. Bd3 Bxd3 10. Qxd3 e6 11. Bf4 Qa5+ 12. Bd2 Bb4 13. c3 Be7 14. c4 Qc7 15.
Ne4 Ngf6 16. O-O-O Rd8 17. Kb1 c5 18. Qc2 cxd4 19. Nxd4 Nxe4 20. Qxe4 Nf6 21.
Nb5 Qc8 22. Qe2 a6 23. Nc3 Rd4 24. b3 O-O 25. Bc1 Rxd1 26. Nxd1 Qc6 27. f3 b5
28. Nb2 1/2-1/2

[Event "4NCL/Div2/OXF1 vs. WES1"]
[Site "Wokefield Park ENG"]
[Date "2008.01.12"]
[Round "5.5"]
[White "Eckersley-Waites, Tom"]
[Black "Simons, Martin J"]
[Result "1-0"]
[WhiteElo "2215"]
[BlackElo "2228"]
[PlyCount "59"]
[EventDate "2008.01.12"]
[EventCountry "ENG"]
[SourceDate "2007.09.15"]

1. e4 Nc6 2. d4 d5 3. Nc3 dxe4 4. d5 Ne5 5. Qd4 Ng6 6. Bb5+ Bd7 7. Qxe4 Nf6 8.
Qe2 c6 9. dxc6 bxc6 10. Ba4 Nd5 11. Bd2 e5 12. Bb3 Nxc3 13. Bxc3 Bd6 14. O-O-O
Qe7 15. Qc4 Rc8 16. Rxd6 Qxd6 17. Qxf7+ Kd8 18. Ba5+ Rc7 19. Qxg7 Qf8 20. Qf7
Qh6+ 21. Kb1 Rf8 22. Qc4 Rxf2 23. Nf3 Kc8 24. Rd1 e4 25. Qa6+ Rb7 26. Qxc6+ Kb8
27. Qd6+ Ka8 28. Bd5 Qg7 29. Bxb7+ Kxb7 30. Qc7+ 1-0

[Event "4NCL/Div2/OXF1 vs. WES1"]
[Site "Wokefield Park ENG"]
[Date "2008.01.12"]
[Round "5.6"]
[White "Yeo, Michael J"]
[Black "Rawlinson, Aidan"]
[Result "1/2-1/2"]
[WhiteElo "2110"]
[BlackElo "2229"]
[PlyCount "135"]
[EventDate "2008.01.12"]
[EventCountry "ENG"]
[SourceDate "2007.09.15"]

1. e4 c5 2. Nf3 e6 3. d4 cxd4 4. Nxd4 Nf6 5. Nc3 Nc6 6. Ndb5 d6 7. Bf4 e5 8.
Bg5 a6 9. Na3 b5 10. Bxf6 gxf6 11. Nd5 Bg7 12. c3 f5 13. Bd3 Ne7 14. Nxe7 Qxe7
15. O-O O-O 16. Nc2 f4 17. Qh5 f5 18. exf5 Rf6 19. Be4 Bb7 20. Qf3 Bxe4 21.
Qxe4 Raf8 22. Nd4 R8f7 23. Rae1 Qd7 24. Nf3 Qxf5 25. Re2 Qh5 26. Rd1 Rg6 27. h3
Bf8 28. Kh2 Kh8 29. Red2 Rfg7 30. Ne1 Rg8 31. Rd3 Be7 32. R1d2 Qh6 33. Re2 Qg7
34. Qf3 Qf7 35. Qd5 Qxd5 36. Rxd5 f3 37. gxf3 Bg5 38. Nd3 Bd2 39. h4 Rg2+ 40.
Kh1 Rg1+ 41. Kh2 R8g2+ 42. Kh3 Rg6 43. Kh2 Bh6 44. f4 R1g4 45. Kh3 exf4 46. h5
Rg8 47. Re6 Rg1 48. Kh2 R8g2+ 49. Kh3 f3 50. Re1 Rxe1 51. Nxe1 Rxf2 52. Kg3
Rxb2 53. Nxf3 Bf8 54. Ng5 Rxa2 55. Nf7+ Kg7 56. Nxd6 Ra3 57. Ne4 b4 58. Rd7+
Kh6 59. Kg4 bxc3 60. Nf6 Ra4+ 61. Kf5 Ra5+ 62. Kf4 Bg7 63. Ng8+ Kxh5 64. Rxg7
Rc5 65. Nf6+ Kh6 66. Rg1 c2 67. Ng8+ Kh5 68. Nf6+ 1/2-1/2

[Event "4NCL/Div2/OXF1 vs. WES1"]
[Site "Wokefield Park ENG"]
[Date "2008.01.12"]
[Round "5.7"]
[White "Dickinson, Timothy R"]
[Black "Neil, David R"]
[Result "1/2-1/2"]
[WhiteElo "2166"]
[BlackElo "2176"]
[PlyCount "75"]
[EventDate "2008.01.12"]
[EventCountry "ENG"]
[SourceDate "2007.09.15"]

1. e4 e5 2. Nf3 Nc6 3. Bb5 a6 4. Ba4 Nf6 5. O-O b5 6. Bb3 Be7 7. Re1 O-O 8. h3
Bb7 9. d3 d6 10. a3 Na5 11. Ba2 c5 12. Nc3 h6 13. Bd2 Re8 14. Nd5 Nc6 15. Nh2
Bf8 16. Ng4 Nxd5 17. Bxd5 Qc8 18. Bxh6 gxh6 19. Nf6+ Kh8 20. Qh5 Bg7 21. Bxf7
Re6 22. Nd5 Re7 23. Re3 Qf8 24. Rf3 Nd4 25. Nxe7 Nxf3+ 26. Qxf3 Qxe7 27. Bb3
Rf8 28. Qg3 Bc8 29. a4 b4 30. c3 Be6 31. Bxe6 Qxe6 32. c4 Kh7 33. b3 Bf6 34.
Qg4 Qxg4 35. hxg4 Rg8 36. f3 Bh4 37. Kh2 Bf2 38. g3 1/2-1/2

[Event "4NCL/Div2/OXF1 vs. WES1"]
[Site "Wokefield Park ENG"]
[Date "2008.01.12"]
[Round "5.8"]
[White "Moore, Gillian A"]
[Black "Lang, Heather"]
[Result "0-1"]
[WhiteElo "1905"]
[BlackElo "2072"]
[PlyCount "100"]
[EventDate "2008.01.12"]
[EventCountry "ENG"]
[SourceDate "2007.09.15"]

1. d4 f5 2. e4 fxe4 3. Nc3 Nf6 4. Bg5 Nc6 5. d5 Ne5 6. Bxf6 exf6 7. Nxe4 d6 8.
f4 Nf7 9. Nf3 Qe7 10. Qe2 Bd7 11. O-O-O f5 12. Neg5 Qxe2 13. Bxe2 Nxg5 14. Nxg5
Be7 15. Ne6 Bxe6 16. dxe6 O-O-O 17. g4 Rdf8 18. Rhf1 h5 19. gxf5 Rxf5 20. Bd3
Ra5 21. a3 Rh6 22. f5 Bf6 23. c3 Kd8 24. Be4 b6 25. Bc6 Re5 26. Rde1 Ke7 27.
Kc2 Rxe1 28. Rxe1 Be5 29. h3 g6 30. Be4 gxf5 31. Bxf5 Rf6 32. Rf1 Rf8 33. Kb3
c6 34. a4 a5 35. Kc4 Rg8 36. Kd3 Rg2 37. Ke4 Re2+ 38. Kf3 Rxb2 39. Bg6 Kxe6 40.
Bxh5 Rc2 41. Kg4 Rg2+ 42. Kf3 Rg3+ 43. Ke2 Rxc3 44. Bg4+ Ke7 45. Bf3 d5 46. Rg1
Kd6 47. Rg4 Kc5 48. h4 Bd4 49. Kd2 Rxf3 50. h5 Rh3 0-1

[Event "4NCL/Div2/GUI3 vs. BRI1"]
[Site "Wokefield Park ENG"]
[Date "2008.01.12"]
[Round "5.1"]
[White "Thompson, Ian D"]
[Black "Berzinsh, Roland"]
[Result "0-1"]
[WhiteElo "2313"]
[BlackElo "2417"]
[PlyCount "100"]
[EventDate "2008.01.12"]
[EventCountry "ENG"]
[SourceDate "2007.09.15"]

1. c4 Nf6 2. Nc3 e6 3. e4 c5 4. e5 Ng8 5. Nf3 d6 6. exd6 Bxd6 7. d4 cxd4 8.
Qxd4 Nf6 9. Bg5 Nc6 10. Qh4 Be7 11. Rd1 Qa5 12. Bd2 Ne5 13. Nd4 Ng6 14. Qg3
Qe5+ 15. Qxe5 Nxe5 16. Bf4 Ng6 17. Bg3 O-O 18. a3 Nh5 19. Bc7 Bd7 20. g4 Nhf4
21. Nce2 Nxe2 22. Bxe2 Bg5 23. O-O Bf4 24. Bxf4 Nxf4 25. Bf3 Rac8 26. b3 Rc7
27. Rd2 e5 28. Ne2 Nh3+ 29. Kg2 Ng5 30. Nc3 h5 31. h3 hxg4 32. hxg4 Bc6 33.
Bxc6 bxc6 34. f4 exf4 35. Rxf4 Rb8 36. b4 Re7 37. Re2 Ne6 38. Rfe4 Rd7 39. Kf2
Kf8 40. Ke1 a5 41. Rh2 Kg8 42. Re5 Nd4 43. Kf2 f5 44. Rxa5 fxg4 45. Kg3 Nf3 46.
Rh1 Rd3 47. Rah5 Ne5+ 48. Kf4 Nf7 49. Ne4 Re8 50. Kf5 Rd4 0-1

[Event "4NCL/Div2/GUI3 vs. BRI1"]
[Site "Wokefield Park ENG"]
[Date "2008.01.12"]
[Round "5.2"]
[White "Cobb, Charles"]
[Black "Granat, Russell G"]
[Result "1/2-1/2"]
[WhiteElo "2410"]
[BlackElo "2266"]
[PlyCount "52"]
[EventDate "2008.01.12"]
[EventCountry "ENG"]
[SourceDate "2007.09.15"]

1. c4 e5 2. Nc3 Nc6 3. e3 Nf6 4. Nf3 d5 5. cxd5 Nxd5 6. Bb5 Nxc3 7. bxc3 Bd7 8.
e4 Bd6 9. d4 O-O 10. O-O Nxd4 11. Nxd4 exd4 12. Bxd7 Qxd7 13. cxd4 Rad8 14. Bb2
Qe7 15. Qc2 c6 16. Rad1 Rd7 17. d5 cxd5 18. Rxd5 Rc7 19. Qd3 Rc6 20. Rd1 Bc5
21. Rd7 Qh4 22. Qf3 b6 23. g3 Qh3 24. Bc3 Rh6 25. Qg2 Qxg2+ 26. Kxg2 Rc6
1/2-1/2